000 00362nam a2200145Ia 4500
008 231129s2001||||xx |||||||||||||| ||spa||
020 _a958-42-0213-8
040 _bspa
082 _aU813 M528p
100 _aMeltzer Brad
245 0 _aLos pasadizos del poder
260 _c2001
264 _aPlaneta
942 _2ddc
_cBKS
999 _c19931
_d19931